|
|
|
|
| LEADER |
00000nam a2200000Ia 4500 |
| 008 |
170824b2005 cr ||||| |||| 00| | spa d |
| 999 |
|
|
|c 880
|d 880
|
| 020 |
|
|
|a 9968806315
|
| 090 |
|
|
|a 14.02.02
|b 1187
|
| 110 |
2 |
|
|a Programa Estado de la Nación
|9 3084
|
| 245 |
1 |
0 |
|a Panorama General de la Infancia en Costa Rica. Segregación residencial socioeconómica en la Gran Area Metropolitana /
|c Programa Estado de la Nación
|
| 260 |
|
|
|a San José, Costa Rica :
|b Programa Estado de la Nación,
|c 2005
|
| 300 |
|
|
|a 65 páginas
|
| 490 |
|
|
|a Serie Aportes para el Análisis del Desarrollo
|
| 650 |
1 |
4 |
|a INFANCIA
|9 533
|
| 650 |
1 |
4 |
|a POBLACIÓN
|9 78
|
| 650 |
1 |
4 |
|a EDUCACIÓN
|9 1
|
| 650 |
1 |
4 |
|a POBREZA
|9 263
|
| 650 |
1 |
4 |
|a MERCADO DE TRABAJO
|9 571
|
| 650 |
1 |
4 |
|a INVERSIONES
|9 3090
|
| 942 |
|
|
|i 001892 ,001967
|h 14.02.02 1187
|2 z
|c 01
|